Statistics for 20 biggest cities in Iraq - Map

Click here to take the quiz!

General Stats

  • This quiz has been taken 254 times
  • The average score is 8 of 20

Answers on the Map

Answers color-coded by a green-red scale on the quiz's map according to % correct below.
 

Answer Stats

PopulationCity% Correct
6,720,000Baghdad
98%
1,360,000Mosul
89%
1,340,000Basra
86%
880,000Erbil
82%
970,000Kirkuk
72%
740,000Najaf
48%
680,000Sulaymaniyah
40%
250,000Fallujah
33%
390,000Kut
31%
530,000Amara
28%
560,000Nasiriyah
27%
220,000Ramadi
23%
460,000Hillah
20%
340,000Dohuk
16%
710,000Kerbala
16%
280,000Baqubah
15%
400,000Diwaniyah
15%
220,000Samawah
15%
210,000Zaxo
12%
300,000Zubayr
12%

Score Distribution

Percentile by Number Answered

Percent of People with Each Score

Your Score History

You have not taken this quiz